Statistics for World Languages by Letter - P

Click here to take the quiz!

General Stats

  • This quiz has been taken 116 times
  • The average score is 7 of 15

Answer Stats

ClueLanguage% Correct
The word "shah" means "king" in itPersian
97%
Nicolaus Copernicus's mother tonguePolish
93%
Is speakers are called "Lusophones"Portuguese
84%
One of Afghanistan's official languagesPashto
82%
Most spoken language that is NOT
official in any country
Punjabi
65%
Language of an ancient
Celtic tribe in Scotland
Pictish
53%
Its speakers call it "a tekoi er a Belau"Palauan
47%
Had the oldest verified
consonantal alphabet
Phoenician
44%
Language of the westernmost
major island of the Philippines
Palawano
29%
Most spoken language in
the ABC islands
Papiamento
25%
Lechitic language spoken
in northern Poland
Pomeranian
25%
Language of an ancient Iranian empire
that fought the Romans
Parthian
24%
Second-most spoken language
in the F.S. of Micronesia
Pohnpeian
18%
Spoken mainly east of KabulPashayi
9%
Main language of the Solomon IslandsPijin
6%

Score Distribution

Percentile by Number Answered

Percent of People with Each Score

Your Score History

You have not taken this quiz